000 00342 a2200157 4500
001 166413
020 _a
040 _cMagnum
100 _aMacedo, Roberto
240 1 0 _aEles fizeram a historia do brasil
_lpor
245 1 0 _aEles fizeram a historia do brasil
362 0 _a1899
440 1 _aRecord
697 _aJ/FICCAO
942 _cBK
999 _c166413
_d166413